Fundamentals of college algebra / (Record no. 182294)
[ view plain ]
| 000 -LEADER | |
|---|---|
| fixed length control field | 00817 a2200205 4500 |
| 003 - CONTROL NUMBER IDENTIFIER | |
| control field | NUST |
| 005 - DATE AND TIME OF LATEST TRANSACTION | |
| control field | 20221116122443.0 |
| 010 ## - LIBRARY OF CONGRESS CONTROL NUMBER | |
| LC control number | 75004524 |
| 020 ## - INTERNATIONAL STANDARD BOOK NUMBER | |
| International Standard Book Number | 0871501929 |
| 040 ## - CATALOGING SOURCE | |
| Transcribing agency | Nust |
| 082 00 - DEWEY DECIMAL CLASSIFICATION NUMBER | |
| Classification number | 512.9,SWO |
| 100 1# - MAIN ENTRY--PERSONAL NAME | |
| Personal name | Swokowski, Earl William, |
| 9 (RLIN) | 50827 |
| 245 10 - TITLE STATEMENT | |
| Title | Fundamentals of college algebra / |
| Statement of responsibility, etc. | Earl W. Swokowski. |
| 250 ## - EDITION STATEMENT | |
| Edition statement | 3rd ed. |
| 260 ## - PUBLICATION, DISTRIBUTION, ETC. | |
| Place of publication, distribution, etc. | Boston : |
| Name of publisher, distributor, etc. | Prindle, Weber & Schmidt, |
| Date of publication, distribution, etc. | [1975] |
| 300 ## - PHYSICAL DESCRIPTION | |
| Extent | ix, 388 p. : |
| Other physical details | ill. ; |
| Dimensions | 24 cm. |
| 505 ## - FORMATTED CONTENTS NOTE | |
| Formatted contents note | Fundamental concepts of Algebra (Page-1), Equations and Inequalities (Page-55), Functions and Graphs(Page-91), Exponential and Logarithmic Functions (Page-156), System of Equations and Inequalities (Page-196), Complex Number (Page-265), Polynomials (Page-286), Sequences(Page-313). |
| 650 #0 - SUBJECT ADDED ENTRY--TOPICAL TERM | |
| Topical term or geographic name entry element | Algebra. |
| 9 (RLIN) | 8509 |
| 942 ## - ADDED ENTRY ELEMENTS (KOHA) | |
| Source of classification or shelving scheme | |
| Koha item type | Book |
| Call number prefix | 512.9,SWO |
| Withdrawn status | Lost status | Source of classification or shelving scheme | Damaged status | Not for loan | Permanent Location | Current Location | Shelving location | Date acquired | Full call number | Barcode | Date last seen | Price effective from | Koha item type | Public note |
|---|---|---|---|---|---|---|---|---|---|---|---|---|---|---|
| Military College of Signals (MCS) | Military College of Signals (MCS) | General Stacks | 12/12/2016 | 512.9,SWO | MCS7127 | 12/08/2016 | 12/12/2016 | Book Bank | Almirah No.110, Shelf No.2 | |||||
| Military College of Signals (MCS) | Military College of Signals (MCS) | General Stacks | 12/12/2016 | 512.9,SWO | MCS7300 | 12/08/2016 | 12/12/2016 | Book | Almirah No.11, Shelf No.5 |
